000 00520nam a2200169 i 4500
001 41639
003 ES-MaACL
005 20230906160451.0
007 t|
008 030311s1973 sp ||||1| spa d
100 1 _aCasanova, Giacomo.
_936097
245 1 0 _aMemorias /
_cGiacomo Casanova ; prólogo, selección, traducción y anotaciones de J. F. Vidal José.
260 _a[Madrid] :
_bAl-Borak,
_c[1973]
300 _a325 p. ;
_c21 cm.
700 1 _aVidal José, F. J.
_9114496
852 _aES-MaACL
_jC-54039
_bR.87058
999 _c41639
_d41639